ՀՀ Գիտությունների ազգային ակադեմիայի հիմնարար գիտական գրադարան  =   Fundamental Scientific Library of NAS RA

Algal biotechnology / (Record no. 216582)

MARC details
000 -LEADER
fixed length control field 01021cam a2200253 a 4500
001 - CONTROL NUMBER
control field 000626274
003 - CONTROL NUMBER IDENTIFIER
control field AM-YeHGA
005 - DATE AND TIME OF LATEST TRANSACTION
control field 20250617140247.0
008 - FIXED-LENGTH DATA ELEMENTS--GENERAL INFORMATION
fixed length control field 880328s1988 enka b 101 0 eng d
020 ## - INTERNATIONAL STANDARD BOOK NUMBER
International Standard Book Number 1851662332
040 ## - CATALOGING SOURCE
Original cataloging agency AM-YeHGA
041 0# - LANGUAGE CODE
Language code of text/sound track or separate title eng
-- fre
090 ## - LOCALLY ASSIGNED LC-TYPE CALL NUMBER (OCLC); LOCAL CALL NUMBER (RLIN)
-- 218105
110 2# - MAIN ENTRY--CORPORATE NAME
Corporate name or jurisdiction name as entry element Societe pour l'algologie appliquee.
Subordinate unit International Meeting
Number of part/section/meeting (4th :
Date of meeting or treaty signing 1987 :
Location of meeting Villeneuve-d'Ascq, France)
245 10 - TITLE STATEMENT
Title Algal biotechnology /
Statement of responsibility, etc. Ed. by T. Stadler ... et al.
260 ## - PUBLICATION, DISTRIBUTION, ETC.
Place of publication, distribution, etc. London ;
-- New York :
Name of publisher, distributor, etc. Elsevier Applied Science ;
Place of publication, distribution, etc. New York, NY, USA :
Name of publisher, distributor, etc. Sole distributor in the USA and Canada, Elsevier Science Publ. Co.,
Date of publication, distribution, etc. 1988.
300 ## - PHYSICAL DESCRIPTION
Extent xii, 520 p. :
Other physical details ill. ;
Dimensions 25 cm.
500 ## - GENERAL NOTE
General note "Proceedings of the 4th International Meeting of the SAA, held in Villeneuve d'Ascq, France, 15-17 September 1987."
500 ## - GENERAL NOTE
General note Preface in English and French.
504 ## - BIBLIOGRAPHY, ETC. NOTE
Bibliography, etc. note Includes bibliographies and indexes.
650 14 - SUBJECT ADDED ENTRY--TOPICAL TERM
Topical term or geographic name entry element Algae
General subdivision Biotechnology
-- Congresses.
700 1# - ADDED ENTRY--PERSONAL NAME
Personal name Stadler, Thierry
Relationship edt
942 ## - ADDED ENTRY ELEMENTS (KOHA)
Source of classification or shelving scheme Universal Decimal Classification
Koha item type Գրքեր / Books
Holdings
Withdrawn status Lost status Source of classification or shelving scheme Damaged status Not for loan Collection Home library Current library Date acquired Total checkouts Full call number Barcode Date last seen Price effective from Koha item type Public note
    Universal Decimal Classification     Gulbenkian Individual Collection Fundamental Scientific Library Fundamental Scientific Library 29/12/2016   Gulb/7309 FL0093143 29/12/2016 29/12/2016 Գրքեր / Books ILL Non-Circ.


ՀՀ ԳԱԱ հիմնարար գիտական գրադարան
ՀՀ,Երևան 0019
Մարշալ Բաղրամյան 24/6
հեռախոս:(374-10) 52-47-50
Հետադարձ կապ

All site content, except where otherwise noted, is licensed under a
Creative Commons License